• 首页
  • 本馆介绍
  • 公告通知
  • 最新文献
  • 馆藏检索
  • 电子资源
  • 读者导购
  • 参考咨询
  • 我的图书馆
  • 登录
  • 详细信息显示
  • 放入我的书架
  • 预约/预借图书
  • 作者相关作品
  • 分类相关作品
  • 丛书相关作品
  • 出版社相关作品

书目信息

  • 表格格式
  • 工作单格式
  • 卡片格式
题名:
网络信息检索与利用
    
 
作者: 许旌莹 主编
分册:  
出版信息: 北京   北京理工大学出版社  2022.03
页数: 248页
开本: 26cm
丛书名:
单 册:
中图分类: G254.92
科图分类:
主题词: 网络检索--wang luo jian suo
电子资源:
ISBN: 978-7-5763-1112-9
000 01136nam0 2200253 450
001 012001001681
005 20141202164917.0
010    @a978-7-5763-1112-9@dCNY48.00
099    @aCAL 012022042076
100    @a20220905d2022 em y0chiy50 ea
101 0  @achi
102    @aCN@b110000
105    @aa a 000yy
106    @ar
200 1  @a网络信息检索与利用@Awang luo xin xi jian suo yu li yong@f主编许旌莹
210    @a北京@c北京理工大学出版社@d2022.03
215    @a248页@c图@d26cm
320    @a有书目 (第247-248页)
330    @a本书简述了信息素养与网络信息检索的基础知识, 详细地介绍了个人知识管理工具、图书馆门户及相关应用程序、搜索引擎及开放存取 (0A) 资源、常用网络学术资源数据库、并另辟章节讲述了专利文献数据库的网络检索, 以综合性课题分别在图书数据库、期刊数据库 (中、外文) 和专利数据库中做了实例演示讲解, 最后介绍了学术规范及论文写作的格式和相关注意事项等内容。全书体例格式规范统一, 图文并茂, 叙述简明, 并配有详尽的检索示例, 具有较强的实用性。
606 0  @a网络检索@Awang luo jian suo
690    @aG254.92@v5
701  0 @a许旌莹@Axu jing ying@4主编
801  0 @aCN@bAHXH@c20221111
905    @b1371483-5@dG254.92@e167@f3
    
    网络信息检索与利用/主编许旌莹.-北京:北京理工大学出版社,2022.03
    248页:图;26cm
    
    
    ISBN 978-7-5763-1112-9:CNY48.00
    本书简述了信息素养与网络信息检索的基础知识, 详细地介绍了个人知识管理工具、图书馆门户及相关应用程序、搜索引擎及开放存取 (0A) 资源、常用网络学术资源数据库、并另辟章节讲述了专利文献数据库的网络检索, 以综合性课题分别在图书数据库、期刊数据库 (中、外文) 和专利数据库中做了实例演示讲解, 最后介绍了学术规范及论文写作的格式和相关注意事项等内容。全书体例格式规范统一, 图文并茂, 叙述简明, 并配有详尽的检索示例, 具有较强的实用性。
●
相关链接 在E读中查询图书 在五车中查询图书 在当当中查询图书 在豆瓣中查询图书


正题名:网络信息检索与利用     索取号:G254.92/167         预约/预借

序号 登录号 条形码 馆藏地/架位号 状态 备注
1 1371483   213714836   第一样本阅览室/ [索取号:G254.92/167] 在馆    
2 1371484   213714845   第四借阅区/ [索取号:G254.92/167] 在馆    
3 1371485   213714854   第四借阅区/ [索取号:G254.92/167] 在馆    
唐山师范学院图书馆 欢迎您!
大连网信软件有限公司© 版权所有